Company Slogans - Statistics

General Stats
  • This quiz has been taken 74 times
  • The average score is 10 of 20
Answer Stats
Slogan Company % Correct
Just do it Nike
95%
I'm lovin' it McDonalds
94%
Finger lickin' good KFC
87%
Taste the rainbow Skittles
76%
Have a break, have a ______ KitKat
74%
The happiest place on earth Disneyland
58%
You're in good hands Allstate
55%
Every kiss begins with ___ Kay
53%
Challenge everything Electronic Arts
52%
America runs on ______ Dunkin Donuts
50%
What's in your wallet? Capital One
45%
The best a man can get Gillette
44%
The ultimate driving machine BMW
42%
The snack that smiles back Goldfish
37%
Think different Apple
34%
Breakfast of champions Wheaties
34%
Let's go places Toyota
31%
Save money, live better Walmart
29%
Because you're worth it L'Oreal
23%
Got milk? California Milk Processor Board
5%
No matching quizzes found
Score Distribution
Percent of People with Each Score
Percentile by Number Answered
Your Score History
You have not taken this quiz